LIBRARY & INFORMATION CENTRE, KCAET, TAVANUR

ONLINE PUBLIC ACCESS CATALOGUE (OPAC)

Ground and Soil Improvement (Record no. 14477)

MARC details
000 -LEADER
fixed length control field 00302nam a22001217a 4500
020 ## - INTERNATIONAL STANDARD BOOK NUMBER
ISBN 9780727731708
082 ## - DEWEY DECIMAL CLASSIFICATION NUMBER
Classification number 624.15136
Item number RAI/GR
245 ## - TITLE STATEMENT
Title Ground and Soil Improvement
260 ## - PUBLICATION, DISTRIBUTION, ETC. (IMPRINT)
Place of publication New Delhi
Name of publisher The Institution of Civil Engineers
Year of publication 2014
300 ## - PHYSICAL DESCRIPTION
Number of Pages 193
700 ## - ADDED ENTRY--PERSONAL NAME
Personal name Raison,C.A
942 ## - ADDED ENTRY ELEMENTS (KOHA)
Koha item type Books
Holdings
Withdrawn status Lost status Damaged status Collection code Home library Current library Shelving location Date acquired Source of acquisition Cost, normal purchase price Full call number Accession Number Koha item type
        KAUAET KAUAET General Stacks 07/07/2016 Dream Tech, Trivandrum 6036.00 624.15136 RAI/GR 24781 Books
free website counter